000 00550pab a2200169 454500
008 180718b2005 xxu||||| |||| 00| 0 eng d
100 _aIonita, Sorin
245 _aMoney for our people? Decentralisation and corruption in Romania: the cases of the equalisation, infrastructure and pre-university education funds
260 _c2005
300 _ap.251-67.
362 _aAug
650 _aDecentralization - Romania
650 _aCorruption - Romania
650 _aCorruption
773 _aPublic Administration and Development
909 _a66798
999 _c66798
_d66798